Biblical perspective on political economy and empire/ (Record no. 193698)

MARC details
000 -LEADER
fixed length control field 00538nam a22001817a 4500
005 - DATE AND TIME OF LATEST TRANSACTION
control field 20230202160120.0
010 ## - LCCN (DPL NO)
LC control number ENG-135612
020 ## - INTERNATIONAL STANDARD BOOK NUMBER
Terms of availability 250.00
International Standard Book Number 978-93-90569-93-9
035 ## - SYSTEM CONTROL NUMBER
System control number EN-119144
037 ## - SOURCE OF ACQUISITION
Source of stock number/acquisition DBAD/PUB
082 ## - DEWEY DECIMAL CLASSIFICATION NUMBER
Classification number 220.6
100 ## - MAIN ENTRY--PERSONAL NAME
Personal name John M. Itty
245 ## - TITLE STATEMENT
Title Biblical perspective on political economy and empire/
Statement of responsibility, etc John M. Itty
260 ## - PUBLICATION, DISTRIBUTION, ETC. (IMPRINT)
Date of publication, distribution, etc 2021
Name of publisher, distributor, etc Theological Publication
Place of publication, distribution, etc Delhi
270 ## - ADDRESS
Address P.O.1585, Kashmiri Gate
City Delhi
Postal code 110006
300 ## - PHYSICAL DESCRIPTION
Extent 230p
Dimensions 23cm(pbk)
942 ## - ADDED ENTRY ELEMENTS (KOHA)
Source of classification or shelving scheme Dewey Decimal Classification
Item type English Books
Call number suffix ITT
Classification part 220.6
Holdings
Withdrawn status Lost status Not for loan Collection code Home library Current library Date acquired Source of acquisition Cost, normal purchase price Full call number Barcode Copy number Cost, replacement price Koha item type
      Non-fiction Peshwa Road Peshwa Road 09/11/2022 DBAD/PUB 250.00 220.6 ITT EN-119144 1 250.00 English Books

© Delhi Public Library
Hit Counter
free hit counter